000 00617nam a2200205 i 4500
001 45306
003 ES-MaACL
005 20230906161209.0
007 t|
008 030325s1889 it ||||1| ita d
100 1 _aCiƔampoli, Domenico.
_9126501
245 1 0 _aLetterature slave /
_cDominicio Ciampoli.
260 _aMilano :
_b[s.n.,
_c1889] (
_fBernandoni)
300 _a2 v. ;
_c15 cm.
490 1 _aManuali Hoepli
505 8 _aContiene: V. I: Bulgari. Serbo Croati. Yugo. Ruissi. -- V. II: Russi. Polachi. Boemi
830 0 _aManuali Hoepli
_9180782
852 _aES-MaACL
_jD-4251-52
999 _c45306
_d45306